=LDR 00000nam 2200000 4500 =001 INLIS000000000045077 =005 20141212145009.0 =006 =007 =008 =020 ##$$a 978-602-892-7741 =035 ##$$0010-121400000000227 =040 ##$$a NBPDMAT =082 ##$$a 591.959 8 =090 ##$$a 591.959 8 $b Rit h =100 ##$$a Rita Dwi Astuti =245 ##$$a Hewan dilindungi di indonesia / $c Rita Dwi Astuti =260 ##$$a Bekasi : $b Aranca Pratama, $c 2011 =300 ##$$a vi, 66 hlm. : $b ilus. ; $c 24 cm. =500 ##$$a Bibliografi : hlm. 65 =650 ##$$a Binatang Indonesia =850 ##$$a NBPDMAT =990 ##$$a 0001/BPAP-NTB/20142014 =990 ##$$a 0001/BPAP-NTB/20142014 =990 ##$$a 0001/BPAP-NTB/20142014 =990 ##$$a 0001/BPAP-NTB/20142014 =990 ##$$a 0001/BPAP-NTB/20142014